| 000 | 00380nam a2200169Ia 4500 | ||
|---|---|---|---|
| 100 | _aSchiller/Jochen | ||
| 650 | _amobile communication | ||
| 942 | _cBK | ||
| 366 | _f20 | ||
| 654 | _amobile communications | ||
| 245 | _aMobile communications | ||
| 260 |
_bPearson Eduation _c2016 |
||
| 082 |
_a621.382 _bSCH |
||
| 300 | _a492 | ||
| 546 |
_aENGLISH _cComputers |
||
| 999 |
_c18728 _d18728 |
||